00461nam a2200133Ia 4500008004100000020002200041100002800063245008500091250001300176260003000189300002700219650003800246650004300284200922s9999 xx 000 0 und d a978-981-4846-23-3 aGravetter, Frederick J. cFrederick J. Gravetter, Larry B. WallnauaStatistics for the behavioral science/ a10th ed. aSingapore:bCENGAGEc2019 axix, 732 pagesc25 cm. aPsychology -- statistical methods aSocial sciences -- statistical methods